ARRUPE JESUIT UNIVERSITY

CORONAVIRUS -STOP THE SPREAD - CLEAN,DISINFECT,COVER

What is your will, O God? : (Record no. 118522)

MARC details
000 -LEADER
fixed length control field 01554cam a2200361 a 4500
001 - CONTROL NUMBER
control field 674949
003 - CONTROL NUMBER IDENTIFIER
control field ARRUPE
005 - DATE AND TIME OF LATEST TRANSACTION
control field 20131105170556.0
008 - FIXED-LENGTH DATA ELEMENTS--GENERAL INFORMATION
fixed length control field 951025s1995 mou b 000 0 eng
010 ## - LIBRARY OF CONGRESS CONTROL NUMBER
LC control number 95080588
020 ## - INTERNATIONAL STANDARD BOOK NUMBER
International Standard Book Number 188081014X
040 ## - CATALOGING SOURCE
Original cataloging agency DLC
Transcribing agency DLC
Modifying agency DLC
050 00 - LIBRARY OF CONGRESS CALL NUMBER
Classification number BT100.I35
Item number T66 1995
082 00 - DEWEY DECIMAL CLASSIFICATION NUMBER
Classification number 248.2
Edition number 21
300 ## - PHYSICAL DESCRIPTION
Dimensions 23 cm.
100 1# - MAIN ENTRY--PERSONAL NAME
Personal name Toner, Jules J.
9 (RLIN) 3284
245 10 - TITLE STATEMENT
Title What is your will, O God? :
Remainder of title a casebook for studying discernment of God's will /
Statement of responsibility, etc Jules J. Toner.
260 ## - PUBLICATION, DISTRIBUTION, ETC. (IMPRINT)
Place of publication, distribution, etc Saint Louis, MO :
Name of publisher, distributor, etc Institute of Jesuit Sources,
Date of publication, distribution, etc 1995.
300 ## - PHYSICAL DESCRIPTION
Extent 110 p. ;
440 #0 - SERIES STATEMENT/ADDED ENTRY--TITLE
Title Series 4--Original studies, composed in English ;
Volume number/sequential designation no. 12
9 (RLIN) 3285
500 ## - GENERAL NOTE
General note Companion to author's Discerning God's will.
504 ## - BIBLIOGRAPHY, ETC. NOTE
Bibliography, etc Includes bibliographical references.
600 10 - SUBJECT ADDED ENTRY--PERSONAL NAME
Personal name Toner, Jules J.
Title of a work Discerning God's will.
9 (RLIN) 3286
600 00 - SUBJECT ADDED ENTRY--PERSONAL NAME
Personal name Ignatius,
Titles and other words associated with a name of Loyola, Saint,
Dates associated with a name 1491-1556.
9 (RLIN) 3287
610 20 - SUBJECT ADDED ENTRY--CORPORATE NAME
Corporate name or jurisdiction name as entry element Catholic Church
General subdivision Doctrines
Form subdivision Case studies.
9 (RLIN) 3288
650 #0 - SUBJECT ADDED ENTRY--TOPICAL TERM
Topical term or geographic name as entry element God (Christianity)
General subdivision Will
Form subdivision Case studies.
9 (RLIN) 3289
650 #0 - SUBJECT ADDED ENTRY--TOPICAL TERM
Topical term or geographic name as entry element Decision making
General subdivision Religious aspects
-- Catholic Church
Form subdivision Case studies.
9 (RLIN) 3290
650 #0 - SUBJECT ADDED ENTRY--TOPICAL TERM
Topical term or geographic name as entry element Discernment (Christian theology)
Form subdivision Case studies.
9 (RLIN) 3291
650 #0 - SUBJECT ADDED ENTRY--TOPICAL TERM
Topical term or geographic name as entry element Christian ethics
General subdivision Catholic authors
Form subdivision Case studies.
9 (RLIN) 3292
700 1# - ADDED ENTRY--PERSONAL NAME
Personal name Toner, Jules J.
Title of a work Discerning God's will.
9 (RLIN) 3293
906 ## - LOCAL DATA ELEMENT F, LDF (RLIN)
a 7
b cbc
c orignew
d 2
e opcn
f 19
g y-gencatlg
942 ## - ADDED ENTRY ELEMENTS (KOHA)
Source of classification or shelving scheme Library of Congress Classification
Koha item type Monograph ( Printed materials)
Holdings
Withdrawn status Lost status Source of classification or shelving scheme Damaged status Not for loan Home library Current library Date acquired Total Checkouts Full call number Barcode Date last seen Price effective from Koha item type
    Library of Congress Classification     ARRUPE LIBRARY ARRUPE LIBRARY 05/11/2013   BX2179.L8 T664 1995 46411546 22/11/2017 05/11/2013 Monograph ( Printed materials)

 

Arrupe Library. PO Box MP320 Mt Pleasant, Harare, Zimbabwe
263 242 745411|librarian@aju.ac.zw